000 00283nam a2200121Ia 4500
008 190216s9999||||xx |||||||||||||| ||und||
100 _aBhatia K N & Parashar A N
245 0 _aPlant Physiology
260 _bKrishna Bros
_c1970
300 _a492p
650 _aBotany
942 _cBK
999 _c1198
_d1198